000 00508nam a2200205Ia 4500
003 OSt
005 20250304100711.0
008 210210b1971 xxu||||| |||| 00| 0 eng d
040 _cAL
041 _dhin
082 _aH891.8 CHAG
100 _aCHAKOR:
_9203623
110 _bचकोर
_9203624
245 _aGuru Nanak:
_bगुरु नानक
260 _aBikaner
_bSury Prakashan Mandir
_c1971
300 _a53
690 _aHindi Miscellaneous
_9203625
906 _a029957
942 _2ddc
_cBK
999 _c81155
_d81155